000 00483 a2200205 4500
005 20250205142807.0
008 250205b |||||||| |||| 00| 0 eng d
020 _a9788122484601
_cRs. 399.00
040 _aMAIN
082 _a512
_bB198A(2)
100 _aBali, N P
245 _aAlgebra
250 _a2nd
260 _bNew Age International Publishers
_c2024
300 _a370
440 _aGolden Math Series
650 _aMathematics
650 _aAlgebra
942 _cBK
999 _c360845
_d360845